[Event "Corus-B"]
[Site "Wijk aan Zee"]
[Date "2001.01.25"]
[Round "8"]
[White "Bosboom, Manuel"]
[Black "Gulko, Boris F"]
[Result "1-0"]
[WhiteElo "2439"]
[BlackElo "2622"]
[Annotator "Ribli,Z"]
[PlyCount "61"]
[EventDate "2001.01.13"]
[EventType "tourn"]
[EventRounds "11"]
[EventCountry "NED"]
[EventCategory "10"]
[SourceTitle "CBM 081"]
[Source "ChessBase"]
[SourceDate "2001.03.20"]
[SourceVersion "1"]
[SourceVersionDate "2001.03.20"]
[SourceQuality "1"]

1. c4 e5 2. e3 {Eine genügsame Fortsetzung. Der holländische IM spielt gerne
ungewöhnliche Eröffnungen. Mit dem Partiezug möchte Weiß die Paulsen-Variante
der Sizilianischen Verteidigung erreichen, aber diese Fortsetzung bietet Weiß
m.E. keinen Eröffnungsvorteil.} Nf6 3. a3 g6 (3... c6 4. Nf3 e4 5. Nd4 d5 6.
cxd5 cxd5 7. d3 a6 8. Nc3 Bd6 9. dxe4 dxe4 10. Be2 O-O 11. g4 Re8 12. g5 Nfd7
13. h4 Nc5 14. b4 Nd3+ 15. Bxd3 exd3 16. Qxd3 {1-0 Bosboom,M-Van Wely,L/Wijk
aan Zee 1999/CBM 68 ext (39)}) (3... d5 4. cxd5 Nxd5 5. Nf3 Bd6 6. Qc2 O-O 7.
Bc4 Nb6 8. Ba2 Qe7 9. h4 N8d7 10. Ng5 Nf6 11. Nc3 Kh8 12. Ne2 e4 13. f3 {
1-0 Bosboom,M-Ellenbroek,T/Enschede 1993/EXT 97 (36)}) 4. b4 $5 {Mit diesem
Zug gewinnt Weiß Raum am Damenflügel, zudem kann er die Entwicklung mit Bb2
fortsetzen.} (4. b3 Bg7 5. Bb2 Nc6 6. Qc2 O-O 7. d3 d5 8. cxd5 Nxd5 9. Be2 Be6
10. Nf3 Qe7 11. O-O Rad8 12. Nbd2 f5 13. Nc4 Bf7 14. Rfd1 Rfe8 15. d4 exd4 16.
Nxd4 Nxd4 17. Bxd4 Bxd4 18. Rxd4 Nxe3 19. fxe3 Rxd4 20. exd4 Qxe2 {0-1
Ljungqvist,L-Lilliestrom,M/Jonkoping 1958/EXT 98 (34)}) 4... Bg7 5. Bb2 d6 6.
d3 O-O 7. Nf3 Ng4 $5 {Eine sonderbare aber keineswegs schlechte Fortsetzung -
Schwarz öffnet die Diagonale des Bg7. Ansonsten ist es nicht leicht für ihn,
die Entwicklung fortsetzen.} (7... a5 8. b5 $14) 8. h3 $5 (8. Be2 e4 (8... f5
$11) 9. Bxg7 (9. Nd4 Nxf2 $5 10. Kxf2 exd3 11. Qxd3 c5 $13) 9... exf3 10. Bxf3
(10. gxf3 Nxe3 11. fxe3 Qh4+ 12. Kd2 Kxg7 13. Nc3 $13) 10... Nxf2 11. Kxf2 Kxg7
12. Nc3 $11) 8... Nh6 9. Qb3 (9. Nbd2) 9... a5 10. Nbd2 (10. b5 Nd7 $11 {
[%cal Gd7c5]}) 10... axb4 (10... Be6 11. d4) 11. axb4 Rxa1+ 12. Bxa1 Be6 (12...
Nc6 $11) 13. d4 $5 {Nun beginnt Weiß aktives Spiel im Zentrum.} (13. Be2 f5 $11
) 13... exd4 14. Bxd4 Nc6 $11 {Schwarz hat eine bequeme Stellung erreicht. Der
kleine weiße Raumvorteil ist kaum von Bedeutung.} (14... Bxd4 $5 15. Nxd4 Nc6
$11) 15. Bxg7 Kxg7 16. Be2 (16. Qc3+ $6 Qf6 17. Qxf6+ Kxf6 18. b5 Nb4 $15)
16... f5 {[%cal Gh6f7] Wir haben jetzt eine Stellung erreicht, die eigentlich
für die Holländische Verteidigung typisch ist. Der Textzug räumt das Feld f7
für den Springer und gewinnrt Raum am Königsflügel.} 17. O-O Qf6 18. Qa3 {
[%cal Ga3a8] Weiß kontrolliert die a- Linie und verhindert 18...Ra8 (und damit
die eigentliche positionelle Drohung von Schwarz).} Nf7 19. c5 (19. b5 Nce5 20.
Qa7 Bc8 $11) 19... Bd5 (19... dxc5 $5 20. bxc5 (20. b5 $6 Nb4 21. Qa7 Qe7 22.
Qxb7 $2 Bd5 23. Qa7 Ra8 $19) 20... Bd5 $11) 20. Rc1 $1 {[%cal Gc1c7] Ein guter
positioneller Zug. Früher oder später wird die c-Linie große Bedeutung
bekommen.} f4 (20... Nfe5 $5) 21. e4 (21. exf4 Qxf4 $11) 21... Nd4 $2 {Schwarz
möchte die Partie verkomplizieren. Der einfache Rückzug des Läufers wäre
jedoch viel besser.} (21... Be6 22. cxd6 (22. b5 Nd4 23. Bd3 $14) 22... cxd6
23. Bc4 $14 (23. b5 Nd4 24. Bd3 $14 (24. Nxd4 Qxd4 $11))) 22. Bd3 $1 $14 (22.
Nxd4 Qxd4 23. Qc3 (23. Qd3 Qxd3 24. Bxd3 Ne5 $11) 23... Qxc3 24. Rxc3 Be6 25.
cxd6 cxd6 26. Rc7 Rc8 27. Rxc8 (27. Rxb7 $2 Rc2 $19) 27... Bxc8 $11) 22...
Nxf3+ (22... Be6 23. Nxd4 Qxd4 24. Nf3 Qf6 {Das wäre nur eine Zugumstellung
zur Partie.}) 23. Nxf3 Be6 (23... Bc6 $2 24. b5 Bd7 25. cxd6 cxd6 26. Rc7 $18 {
[%csl Rd7]}) 24. cxd6 {[%cal Gc1c7]} cxd6 25. Rc7 {[%csl Gc7][%cal Gc7b7,Gc7h7]
Durch einige forcierte Züge hat Weiß spürbaren positionellen Druck entwickeln
können. Sein Turm steht ausgezeichnet auf der 7. Reihe.} Rc8 26. Qc1 $16 {
[%mdl 2048] Mit diesem Zug unterstreicht Weiß seine Herrschaft über die
c-Linie.} Ra8 (26... Rxc7 27. Qxc7 Qa1+ 28. Kh2 Qa3 29. Ng5 Qxd3 30. Nxe6+ Kf6
31. Nf8 $16 {[%csl Rf6]}) (26... Qd8 27. Rxc8 Qxc8 28. Qxf4 Qc3 29. Qd2 $16)
27. Kh2 Ra2 $2 {[%mdl 8192] Dieser scheinbar aktive Zug verliert sofort - der
schwarze Turm steht sehr unglücklich auf a2.} (27... Ra7 28. b5 $16) 28. Bc4
Bxc4 29. Qxc4 $18 {[%csl Rf7][%cal Rc4a2,Rc7g7,Rc4f7]} Rxf2 (29... Ra8 30. Ng5
Rf8 (30... Qxg5 31. Qxf7+ $18) 31. Ne6+ $18) 30. Rxf7+ $1 {Diese kleine
Kombination führt die Entscheidung herbei.} (30. Ng5 $2 Rxg2+ 31. Kxg2 Qxg5+
32. Kf1 Qf6 $14) 30... Qxf7 31. Qd4+ {[%cal Rd4g7,Rd4f2] Das war die dritte
Niederlage des amerikanischen Großmeisters in diesem Turnier.} 1-0

[Event "Groningen PCA"]
[Site "Groningen"]
[Date "1993.??.??"]
[Round "11"]
[White "Ehlvest, Jaan"]
[Black "Kaidanov, Gregory S"]
[Result "1-0"]
[WhiteElo "2620"]
[BlackElo "2640"]
[Annotator "Ribli,Z"]
[PlyCount "95"]
[EventDate "1993.12.??"]
[EventType "swiss"]
[EventRounds "11"]
[EventCountry "NED"]
[SourceTitle "CBM 039"]
[Source "ChessBase"]
[SourceDate "1994.04.01"]
[SourceVersion "1"]
[SourceVersionDate "1994.04.01"]
[SourceQuality "1"]

1. c4 e5 2. g3 Nf6 3. Bg2 d5 4. cxd5 Nxd5 5. Nf3 Nc6 6. O-O Nb6 7. b3 $5 (7. d3
{Dragomarezkij,E-Morozevich,A/Alushta3/1993/}) 7... g6 (7... e4 $2 8. Ne1 f5 9.
Bb2 Be6 10. d3 $16) (7... Be7 8. Bb2 f6 9. d3 Be6 10. Nbd2 O-O 11. Rc1 $13) 8.
Nc3 Bg7 9. Ba3 Ne7 (9... e4 $2 10. Nxe4 Bxa1 11. Qxa1 $18) 10. Rc1 O-O 11. Nb5
Nbd5 12. Qc2 (12. e4 a6 $13) 12... c6 13. Nd6 a5 14. Nxc8 Qxc8 15. Bb2 Nb4 16.
Qc5 (16. Qb1 $5 Qe6 17. d4 $14) 16... Ned5 17. a3 (17. Bxe5 Bxe5 18. Nxe5 Qe6
19. d4 Nxa2 20. Ra1 Nab4 21. e4 Ne7 22. Qc3 $14) 17... Na6 18. Qc2 Re8 19. Rfd1
Nac7 20. e4 Nb6 21. Qb1 (21. d4 exd4 22. Nxd4 $14) 21... a4 22. b4 Nb5 23. Qa1
Qe6 24. Bf1 Rad8 (24... Nd6 25. d4 $1 $14) 25. Bxb5 cxb5 26. d3 f6 27. Rc5 Qd7
28. Qc1 Rc8 29. Qe3 Nc4 30. Qe2 Nxb2 (30... Rxc5 $2 31. dxc4 $18) 31. Rxc8 Rxc8
(31... Nxd1 32. Rxe8+ Qxe8 33. Qxd1 Qc6 $14) 32. Qxb2 Qc6 33. Qe2 Kf8 34. Kg2
Bh6 (34... Qc3 35. d4 $14) 35. Re1 Ke7 (35... Qc3 $5) 36. d4 $1 Qc4 37. Qd1
exd4 (37... Rd8 38. d5 $14) 38. Qxd4 Qxd4 39. Nxd4 Rc3 40. Nxb5 Rd3 41. e5 $1
Rd5 42. exf6+ Kxf6 43. Nc3 Rd3 44. Nxa4 Rxa3 45. Nc5 Ra2 46. Re6+ Kf5 47. Re7
Rb2 48. Rf7+ 1-0

[Event "Munich SKA"]
[Site "Munich"]
[Date "1994.06.01"]
[Round "10"]
[White "Lobron, Eric"]
[Black "Hertneck, Gerald"]
[Result "1/2-1/2"]
[WhiteElo "2570"]
[BlackElo "2615"]
[Annotator "Ribli,Z"]
[PlyCount "117"]
[EventDate "1994.05.21"]
[EventType "tourn"]
[EventRounds "11"]
[EventCountry "GER"]
[EventCategory "16"]
[SourceTitle "CBM 042"]
[Source "ChessBase"]
[SourceDate "1994.10.01"]
[SourceVersion "1"]
[SourceVersionDate "1994.10.01"]
[SourceQuality "1"]

1. c4 e5 2. g3 Nf6 3. Bg2 d5 4. cxd5 Nxd5 5. Nf3 Nc6 6. O-O Be7 (6... Nb6 $5)
7. d4 exd4 (7... e4 8. Ne5 f5 $5 (8... Nxe5 $6 9. dxe5 Bf5 10. Bxe4 $1 Bxe4 11.
Qa4+ Qd7 12. Qxe4 $14 {Chiburdanidze,M-Wang Pin/Sanghai ctW/1992/CBM33/}) 9.
Nxc6 bxc6 10. f3 exf3 11. Bxf3 O-O 12. Nc3 Be6 $10 {Sher,M-Smirin,I/Moscow op/
1990/EXP19/}) 8. Nxd4 Nxd4 9. Qxd4 Nf6 10. Qa4+ (10. Qxd8+ $5 Bxd8 11. Nc3 c6
12. b4 O-O 13. a4 $14 {Lalic,B-Mohr,G/Zagreb Vukovar/1993/EXP37/}) 10... Qd7
11. Qc2 c6 12. e4 $6 (12. Rd1 Qe6 13. Nc3 $14) 12... O-O 13. Nc3 Rd8 14. Rd1
Qe8 15. Rxd8 Qxd8 16. h3 Be6 17. Be3 Qa5 18. Ne2 Rd8 19. b3 Bc8 20. Nf4 Bb4 $6
(20... Nd7 $5) 21. Nd3 Bc3 22. b4 $1 Bxb4 23. Nxb4 Qxb4 24. Bxa7 Rd2 25. Qb3 (
25. a3 $5) 25... Qd6 26. Be3 Rd3 27. Qb6 h5 28. Re1 Rd1 29. Rxd1 Qxd1+ 30. Kh2
h4 31. Qc7 (31. gxh4 $5 Qd6+ 32. f4 Nh5 33. Qa5 Nxf4 $2 34. e5 $18) 31... hxg3+
32. Qxg3 (32. fxg3 Be6 33. Qxb7 Qe2 $5 $44 34. Bf4 $2 (34. Qb8+ Kh7 35. Qf4 $10
) 34... Bxh3 $1 35. Kxh3 Qh5#) 32... Ne8 33. a3 Be6 34. Bc5 f6 35. Qb8 Qd7 36.
f4 Qc8 37. Qxc8 Bxc8 38. Kg3 g6 39. Kf2 Kf7 40. h4 f5 41. e5 Be6 42. a4 Bc4 43.
a5 Ng7 $10 44. Ke3 Ne6 45. Bd6 Bb3 46. Bf3 Bc4 47. Bd1 Bd5 48. Bc2 Bc4 49. Bb1
Bd5 50. Bd3 Ng7 51. Ba3 Ne6 52. Bb4 Ng7 53. Ba3 Ne6 54. Bc2 Ng7 55. Bb1 Ne6 56.
Bb4 Ng7 57. Bd6 Ne6 58. Ba3 Ng7 59. Bd3 1/2-1/2

[Event "Dortmunder Schachtage-B 18th"]
[Site "Dortmund"]
[Date "1990.04.15"]
[Round "10"]
[White "Keitlinghaus, Ludger"]
[Black "Schmittdiel, Eckhard"]
[Result "1/2-1/2"]
[WhiteElo "2415"]
[BlackElo "2455"]
[Annotator "Ribli,Z"]
[PlyCount "59"]
[EventDate "1990.04.05"]
[EventType "tourn"]
[EventRounds "11"]
[EventCountry "GER"]
[EventCategory "9"]
[SourceTitle "CBM 018"]
[Source "ChessBase"]
[SourceDate "1990.10.01"]
[SourceVersion "1"]
[SourceVersionDate "1990.10.01"]
[SourceQuality "1"]

1. c4 e5 2. g3 c6 3. Bg2 d5 4. cxd5 cxd5 5. d4 exd4 6. Nf3 Bb4+ 7. Nbd2 $5 {
7.Bd2, Bc5 8.0-0, Nc6 Gulko,B-Sokolov,I Biel 1988  i 47/(23)} d3 8. Ne5 $1 Bd6
{8...dxe2? 9.Qa4, Nc6 10.Nxc6, Bxd2+ 11.Bxd2, Bd7 12.Qd4, Bxc6 13.Qxg7, Qf6 14.
Bc3, d4! 15.Qxf6, Nxf6 16.Bxc6+, bxc6 17.Bxd4 +/-} 9. Nxd3 Nf6 10. O-O Nc6 11.
Nb3 O-O 12. Nf4 Bg4 13. h3 {13.Nxd5!?} Be6 14. Be3 Qe7 15. Rc1 Rad8 16. Bc5 d4
$1 17. Nxe6 Qxe6 $1 {17...fxe6? 18.Bxd4 +/-} 18. Nxd4 Nxd4 19. Qxd4 Bxc5 {
19...Bxg3? 20.Qc4! +/-} 20. Qxc5 Qxa2 21. Qb4 a5 22. Qxb7 Rb8 23. Qa6 Qxb2 24.
Ra1 Rb5 25. Rxa5 {25.e3!?} Rxa5 26. Qxa5 Qxe2 27. Re1 Qb2 28. Re7 Qd4 29. Qa2
h5 30. Bf3 1/2-1/2

[Event "Olympiad-34"]
[Site "Istanbul"]
[Date "2000.11.09"]
[Round "12.1"]
[White "Miezis, Normunds"]
[Black "Damljanovic, Branko"]
[Result "1-0"]
[WhiteElo "2518"]
[BlackElo "2559"]
[Annotator "Ribli,Z"]
[PlyCount "103"]
[EventDate "2000.10.28"]
[EventType "team-swiss"]
[EventRounds "14"]
[EventCountry "TUR"]
[SourceTitle "EXT 2001"]
[Source "ChessBase"]
[SourceDate "2000.11.22"]
[SourceVersion "1"]
[SourceVersionDate "2000.11.22"]
[SourceQuality "1"]
[WhiteTeam "Latvia"]
[BlackTeam "Yugoslavia"]
[WhiteTeamCountry "LAT"]
[BlackTeamCountry "YUG"]

1. c4 e5 2. g3 f5 $6 {Dieser aggressive Zug gefällt mir nicht. Es gibt einfach
Systeme, die bei einem Tempo weniger viel schlechter sind. Mit Weiß kann man 1.
e4 c5 2.f4 spielen, hier aber ist derselbe Aufbau viel schwächer.} 3. d4 exd4 (
3... e4 4. Nh3 $14) 4. Qxd4 Nc6 5. Qe3+ (5. Qd1) 5... Be7 (5... Qe7 6. Nc3 $14
Nb4 $6 7. Qd2) 6. Bg2 Nf6 7. Nc3 O-O 8. Nh3 $1 {[%csl Yd5][%cal Gh3f4,Gf4d5]
Das ist die Pointe der weißen Strategie. Der Springer entwickelt sich nicht
automatisch mit 8.Nf3, sondern strebt über f4 das Feld d5 an.} Nb4 {Schwarz
möchte sich von der Schwächung des Feldes d5 befreien und anschließend c6
spielen.} (8... Re8 9. O-O Bb4 10. Qd3 Ne5 11. Qc2 c6 12. a3 Bf8 13. b3 d6 14.
Bb2 Be6 15. Ng5 Qe7 16. Rad1 Rad8 17. Nxe6 Qxe6 18. e3 Ned7 19. Ne2 {1/2-1/2
Chernin,A-Bologan,V/Geneve 1996/CBM 54 ext (69)}) (8... d6 9. O-O Ne5 10. b3 c6
11. Rd1 {1-0 Romero Holmes,A-De la Villa Garcia,J/Leon 1996/CBM 54 (67)}) 9.
Qd2 a5 10. Nf4 c6 11. O-O Na6 (11... d6 12. b3 $14 (12. a3 $6 Na6 13. b3 Nc5
$132)) 12. Nd3 (12. b3 Nc5 13. Bb2 $14) 12... d6 13. b3 Qe8 14. Bb2 $14 {
Wir haben eine für die Holländische Verteidigung typische Stellung vor uns.
Weiß kontrolliert mehr Raum, seine zwei Läufer stehen aktiv auf den großen
Diagonalen. Andererseits hat Schwarz auch keine besonderen Schwächen,
insgesamt aber ist die weiße Stellung leicht vorteilhaft.} Bd8 15. Rae1 {
[%cal Ge2e4] Weiß folgt einer typischen Strategie - er möchte die Stellung mit
e2-e4 öffnen.} Ne4 16. Qc2 (16. Nxe4 $6 fxe4 $132) 16... Nec5 $6 {[%mdl 16384]
Dieser Zug gefällt mir nicht. Der passive Springer bleibt auf a6 stehen.} (
16... Nac5 17. Nxc5 Nxc5 18. e3 $14 (18. Rd1 $14) (18. e4 $6 f4 $132)) 17. Qd1
{Die positionelle Drohung von Weiß ist 18.Nxc5 und da Schwarz im Falle von 18..
.Nxc5 den Pd6 verliert, muss er 18...dxc5 spielen.} (17. Nxc5 $6 Nxc5) 17...
Qg6 $6 {[%csl Rg6]} (17... Bc7 $14) 18. Nf4 Qh6 19. e4 Ne6 $2 (19... g5 20. Nd3
$14) (19... Bf6 20. Nh5 $14) 20. Nxe6 Bxe6 21. exf5 Bxf5 (21... Rxf5 22. Qxd6
$18) {[#]} 22. Nd5 $1 Qg6 (22... Be6) (22... cxd5 $2 23. Qxd5+ Kh8 24. Qxf5 $18
) 23. Re7 $1 $16 {[%mdl 64] Ein ausgezeichneter Zug, der Weiß Materialgewinn
einbringt. Schwarz hat große Probleme bei der Koordinierung seiner Figuren.}
cxd5 (23... Rf7 24. Re8+ Rf8 25. Rxd8 $18) 24. Bxd5+ Kh8 25. Rxg7 Qxg7 26.
Bxg7+ Kxg7 {Schwarz hat jetzt Turm und zwei Leichtfiguren für die Dame und
zwei Bauern, doch er verliert weiteres Material am Damenflügel.} 27. Bxb7 Rb8 (
27... Be7 28. Bxa8 Rxa8 29. Re1 Re8 30. Qd4+ Kg6 31. Qa7 $18) (27... Bf6 28.
Bxa8 Rxa8 29. Qd5 {[%cal Rd5a8,Rd5f5]}) (27... Ra7 $18 {[%cal Rd1d4,Rd4a7,
Rd4g7]}) 28. Bxa6 $18 Rf6 29. c5 $5 {Weiß hat eine überlegene Stellung
erreicht. Er opfert einen Bauern, um seinen Läufer zu befreien.} (29. Bb5 $18)
29... dxc5 30. Bc4 (30. Bd3 $5 Rd6 31. Qh5 Bxd3 32. Qe5+ $18 {[%cal Re5b8,
Re5f7]}) 30... Rf8 31. Bd3 Bxd3 (31... Be6 32. Qh5 $18) 32. Qxd3 {Nach dem
Läufertausch kann Weiß seinen Vorteil leicht verwerten.} Bf6 33. Re1 a4 34. Re4
(34. Qd7+ {[%cal Rd7a4,Rd7g7]} Rf7 35. Qxa4 Bd4 36. Kh1 $18) 34... axb3 35.
axb3 Rf7 36. Rg4+ Kh8 37. Qd5 {Weiß hat nicht nur großen Materialvorteil,
sondern auch gute Angriffschancen.} Rfb7 38. Qxc5 Rxb3 39. Rf4 Bg7 40. Rf7 R3b5
41. Qe7 Rb1+ (41... Re5 42. Qc7 $18) 42. Kg2 Rg8 43. h4 (43. f4 $18) 43... Rbb8
44. h5 h6 (44... Rbe8 45. Qg5 $18) 45. Qe6 Rbf8 46. Rxg7 Rxg7 (46... Kxg7 47.
Qg6+ Kh8 48. Qxh6#) 47. Qxh6+ Kg8 48. Qe6+ Kh7 49. f3 Rgf7 50. Qe4+ Kh8 51. g4
Rf4 52. Qd5 1-0

[Event "Bermuda"]
[Site "Bermuda"]
[Date "2005.02.01"]
[Round "3"]
[White "Macieja, Bartlomiej"]
[Black "Volokitin, Andrei"]
[Result "0-1"]
[WhiteElo "2618"]
[BlackElo "2685"]
[Annotator "Ribli,Z"]
[PlyCount "48"]
[EventDate "2005.01.30"]
[EventType "tourn"]
[EventRounds "10"]
[EventCountry "BER"]
[EventCategory "17"]
[SourceTitle "CBM 106"]
[Source "ChessBase"]
[SourceDate "2005.06.06"]
[SourceVersion "1"]
[SourceVersionDate "2005.06.06"]
[SourceQuality "1"]

1. c4 e5 2. g3 Nf6 3. Bg2 h6 {Dieser prophylaktische Zug ist ein seltener Gast
in der modernen Turnierpraxis; Schwarz möchte den weißen Spielplan abwarten.}
4. Nc3 (4. e4 $6 Bc5 5. Ne2 Nc6 {[%csl Yd4]} 6. h3 d6 7. d3 a6 8. Nbc3 Rb8 $5 {
[%cal Gb7b5]} 9. O-O (9. a3 $5 b5 10. b4 $11) 9... b5 10. Nd5 (10. cxb5 axb5
$11) 10... Nd4 11. Be3 O-O 12. Bxd4 exd4 13. b4 Ba7 14. Rc1 (14. Qc2 $11) 14...
Ne8 $1 {0-1 Romero Holmes,A-Morozevich,A/Plovdiv 2003/CBM 98/[Ribli (43)}) (4.
d4 e4 5. Nc3 Bb4 6. Qb3 Nc6 7. d5 Nd4 8. Qd1 Bxc3+ 9. bxc3 Nf5 10. f3 Qe7 11.
fxe4 Nd6 12. Ba3 Qe5 13. Qd3 Ndxe4 {0-1 Christensen,T-Glek,I/Rethymnon GRE
2003/(63)}) 4... Bb4 {Diese Stellung erinnert mich an die Rossolimo-Variante
der Sizilianischen Verteidigung - 1.e4 c5 2.Nf3 Nc6 3.Bb5 g6, mit vertauschten
Farben.} 5. e4 (5. e3 Bxc3 6. bxc3 O-O 7. e4 Re8 8. Ne2 c6 9. Qb3 b6 $1 10. O-O
Ba6 (10... Bb7 $5 11. c5 (11. Rd1 d5 12. cxd5 cxd5 13. exd5 Bxd5 14. Bxd5 Qxd5
15. Qxd5 Nxd5 $15) 11... Na6 12. Ba3 Nxc5 $1 13. Bxc5 Ba6 14. Bd6 $5 Bxe2 15.
Rfe1 $44 {/\ d4}) 11. Re1 d5 $5 12. exd5 cxd5 13. cxd5 Qc8 $5 14. Qa4 Nbd7 15.
Ba3 Bc4 16. d6 b5 17. Qc2 {1-0 Gurevich,M-Glek,I/Vlissingen 2002/CBM 89 ext 
(60)}) 5... Bxc3 (5... Nc6 6. Nge2 Bc5 7. O-O a6 8. a3 d6 9. b4 Ba7 10. h3 Nd4
11. Rb1 O-O 12. Nxd4 Bxd4 13. Ne2 Ba7 14. d4 Bd7 {1/2-1/2 Cekro,E-Jaracz,P/
TCh-BEL 2003 (35)}) 6. bxc3 {Das ist die ambitionierteste Fortsetzung: Weiß
verstärkt seine Zentrumsstellung. Die Alternative 6.dxc3 wäre ein wenig
schablonenhaft.} (6. dxc3 d6 7. Qe2 Nc6 8. h3 Be6 9. Be3 Qe7 10. b3 a5 11. a4
Nd7 12. Nf3 Nc5 13. Nd2 Na6 14. Nf1 Ncb8 15. g4 Nd7 16. Ng3 g6 17. Qc2 Nac5 18.
Ne2 h5 {0-1 Chelushkina,I-Sheremetieva,M/Volshski 1989/EXT 2004 (32)}) 6... d6
(6... O-O 7. Ne2 d6 8. O-O Be6 9. d3 Qc8 10. f3 c6 11. Qc2 d5 12. c5 Nbd7 13.
Be3 b6 {0-1 Danzer,G-Maier,A/Bad Wiessee 1998/EXT 2001 (24)}) 7. Ne2 Be6 8. d3
Qd7 9. h3 $1 {Weiß verhindert Be6-h3 und bereitet 10.f4 vor.} (9. O-O Bh3 $11)
9... g5 {Schwarz verteidigt sich gegen 10.f4.} (9... O-O 10. f4 $14) 10. f3 {
Weiß plant 11.h4.} (10. f4 gxf4 11. gxf4 Rg8 12. Kf2 Qe7 $13) (10. h4 Rg8 $13 (
10... g4 11. Be3 $14)) 10... Na6 11. h4 $14 {Die weiße Bauernstruktur im
Zentrum ist sehr stark; darüber hinaus verfügt er über das Läuferpaar.} O-O-O
$5 {Schwarz beschäftigt sich nicht mit der Verteidigung des g5-Bauern, sondern
sucht vielmehr am Königsflügel taktische Gegenchancen.} (11... g4 12. f4 $16) (
11... Rg8 12. hxg5 hxg5 13. Be3 $14) 12. hxg5 (12. Be3 $14) 12... hxg5 13. Bxg5
(13. Rxh8 $6 Rxh8 14. Bxg5 Rh2 15. Bxf6 Rxg2 $44) 13... Rxh1+ 14. Bxh1 Rh8 15.
Kf2 (15. Bh4 $14) 15... Nh7 (15... Ng8) (15... Ne8) 16. Bh4 f5 $44 {[%csl Rf2]
Schwarz hat Gegenspiel für den Minusbauern, aber ich bin nicht sicher, ob das
eine ausreichende Kompensation ist. Jedoch ist die weiße Königsstellung als
unsicher anzusehen.} 17. exf5 Bxf5 18. d4 Qe6 (18... Re8 $44) 19. c5 $1 (19. d5
$2 Qg6 $17 {[%cal Ga6c5,Gc5d3]}) 19... Nf6 (19... dxc5 $2 20. dxe5 Qxe5 (20...
Re8 21. f4 $16) 21. f4 Qe6 22. Qb3 $16) 20. Qb3 (20. cxd6 cxd6 (20... Qxd6 21.
dxe5 Qxe5 22. Qd4 $18) 21. Qb3 Nd5 $44) 20... Nd5 21. Re1 Re8 22. Nc1 (22. f4
e4 $44) 22... Qh6 $6 {[%cal Gh6d2,Gd2f2]} (22... c6 $5 $44) 23. Qxd5 (23. f4 $5
c6 24. Bxd5 cxd5 25. Qxd5 $16) 23... Qd2+ 24. Ne2 $4 {[%mdl 8192]} (24. Re2 $1
Qxc1 25. cxd6 (25. c6 Qxh1 26. Qf7 $18 {[%cal Rf7e8,Rf7f5]}) 25... Be6 (25...
Qxh1 26. Rxe5 Rxe5 27. dxe5 $18) 26. d7+ Bxd7 27. Rxe5 $18) 24... Nxc5 $19 {
[%csl Re1,Rf2][%cal Gd2d5,Rc5d3,Rd3f2,Rd3e1][%mdl 64] Nach diesem Springerzug
ist Weiß plötzlich verloren; es droht tödlich 25...Nxd3+ und gleichzeitig 25...
Be6 mit Damenfang.} (24... Nxc5 25. Kf1 (25. g4 Be6 $19) 25... Bh3+ $19) 0-1

[Event "Groningen op"]
[Site "Groningen"]
[Date "1990.??.??"]
[Round "7"]
[White "Bischoff, Klaus"]
[Black "Pomes Marcet, Juan"]
[Result "1-0"]
[WhiteElo "2530"]
[BlackElo "2420"]
[Annotator "Ribli,Z"]
[PlyCount "109"]
[EventDate "1990.??.??"]
[EventType "swiss"]
[EventRounds "9"]
[EventCountry "NED"]
[SourceTitle "CBM 022"]
[Source "ChessBase"]
[SourceDate "1991.06.01"]
[SourceVersion "1"]
[SourceVersionDate "1991.06.01"]
[SourceQuality "1"]

1. c4 e5 2. g3 f5 3. Bg2 Nf6 4. b3 $5 (4. d4 $1 $14) (4. Nc3 Be7 5. d3 O-O 6.
f4 d6 7. Nf3 Nc6 8. O-O {Makarichev,S-Hodgson,Ju Reykjavik Summit 1990 CBM/18})
4... Be7 5. Bb2 d6 6. e3 Nc6 7. Ne2 O-O 8. Nbc3 Qe8 9. d3 Qh5 10. Qd2 a6 11. f4
$14 Bd7 12. Nd5 Bd8 13. O-O Rb8 14. Rae1 (14. Rad1 $5) 14... Qh6 15. Rd1 Re8
16. Rfe1 Na7 17. d4 $1 exd4 18. Bxd4 Nc8 19. Nxf6+ Bxf6 20. Bxf6 Qxf6 21. Bxb7
$1 Rxb7 22. Qd5+ Qe6 23. Qxb7 Qxe3+ 24. Kg2 Qc5 25. Qd5+ Qxd5+ 26. cxd5 Nb6 27.
Nc3 Rxe1 28. Rxe1 Kf7 29. Kf2 a5 30. Ke3 Bc8 31. Kd4 Bb7 32. a4 Bxd5 33. Nxd5
c5+ 34. Kd3 Nxd5 35. Kc4 Nc7 36. h3 Kf6 37. g4 g6 38. gxf5 gxf5 39. Rg1 Kf7 40.
Rg5 d5+ 41. Kd3 Kf6 42. Rg8 Ne6 43. Ke3 Nd4 44. Rb8 Ke6 45. h4 h5 46. Kd3 Nxb3
47. Rb6+ Ke7 48. Rh6 c4+ 49. Kc3 Nc1 50. Kd4 Ne2+ 51. Kxd5 Nxf4+ 52. Kxc4 Kf7
53. Ra6 Ng2 54. Rxa5 Nxh4 55. Rb5 1-0

[Event "Noviki-A"]
[Site "Budapest"]
[Date "1990.??.??"]
[Round "8"]
[White "Fauland, Alexander"]
[Black "Marinelli, Tullio"]
[Result "1-0"]
[WhiteElo "2480"]
[BlackElo "2400"]
[Annotator "Ribli,Z"]
[PlyCount "77"]
[EventDate "1990.??.??"]
[EventType "tourn"]
[EventRounds "11"]
[EventCountry "HUN"]
[EventCategory "9"]
[SourceTitle "CBM 019"]
[Source "ChessBase"]
[SourceDate "1990.12.01"]
[SourceVersion "1"]
[SourceVersionDate "1990.12.01"]
[SourceQuality "1"]

1. c4 e5 2. g3 Nf6 3. Bg2 d5 4. cxd5 Nxd5 5. Nf3 Nc6 6. O-O Be7 (6... Nb6) 7.
d4 exd4 (7... e4 $5 8. Ne5 f5 9. Nxc6 bxc6 10. Qa4 Qd6 11. Nc3 Be6 12. Nxd5
Bxd5 13. Bf4 Qd7 {Kupreichik,V-Smirin,I URS-sf Daugavpils 1989 CBM 16}) 8. Nxd4
Nxd4 9. Qxd4 Nf6 10. Qa4+ Qd7 11. Qb3 c6 12. Nc3 O-O 13. e4 Qe6 14. Qc2 Rd8 15.
h3 Qc4 16. Be3 Be6 17. b3 Qd3 18. Qb2 Bb4 19. Rac1 Rd7 20. a3 Be7 21. b4 Qa6
22. Rfe1 Bc4 23. Ne2 Bd3 24. Nf4 Bxe4 25. Bxe4 Nxe4 26. Bd4 f5 (26... Nf6 27.
Rxe7 Rxe7 28. Bxf6 gxf6 29. Qxf6 Rae8 30. Nh5 Re1+ 31. Kh2 $18) 27. Qb3+ Kh8
28. Bxg7+ $1 Kxg7 29. Qe6 Nf6 30. Nh5+ $1 Kg6 31. Nxf6 Rd6 32. Qxe7 Rxf6 33. h4
Raf8 34. h5+ Kxh5 35. Qxh7+ Rh6 36. Qg7 Rff6 37. Kg2 Rfg6 38. Rh1+ Kg5 39. f4+
{Ribli} 1-0